000 00941cam a22003137a 4500
003 CHAP
005 20220329133008.0
008 971013s1980 r 00010 d
010 _a1057
011 _a2029
035 _a1215
040 _cCHAP
082 _a371.3
_bJ8Y
100 0 0 _aJuif, Paul.
_962318
245 1 0 _aGrandes orientaciones de la pedagogía contemporánea
260 _aMadrid :
_bMarcea,
_c1980
300 _a398 p.
490 0 _aEducación Hoy.
_pEstudios
590 _aBATCH-UPD
_b10
_c20130110
_lUCH01
_h1800
590 _aBATCH-UPD
_b10
_c20130410
_lUCH01
_h1136
590 _aBATCH-UPD
_b10
_c20130914
_lUCH01
_h1309
590 _aCONVERSION
_b10
_c20130109
_lUCH01
_h1302
650 1 4 _aEnseñanza.
_937085
700 0 _aLegrand, Louis.
_965676
830 0 _aEducación Hoy.
_pEstudios
_935574
901 _aBK
942 _cLIBRO
949 _a371.3 J8Y
_bBC
_cLIBRO
_d33724000144853
_eLIBRO
_gI. c/e
_h78854
_i1215
_si
_t56.20
999 _c1057
_d1057